Vývoj autopilot algoritmov pre samoriadiace auto na platforme RPi4
Uložené v:
| Hlavný autor: | |
|---|---|
| Ďalší autori: | |
| Médium: | Rukopis Kniha |
| Jazyk: | Slovak |
| Vydavateľské údaje: |
2024
|
| Predmet: | |
| On-line prístup: | http://is.stuba.sk/zp/portal_zp.pl?podrobnosti=162824 |
| Tagy: |
Žiadne tagy, Buďte prvý, kto otaguje tento záznam!
|
MARC
| LEADER | 00000ntm a22000003a 4500 | ||
|---|---|---|---|
| 001 | stuzp92394 | ||
| 003 | SK-STU | ||
| 005 | 20240615210315.4 | ||
| 007 | ta | ||
| 008 | 150427s2015----xo-----f-mn---000-0-slo-d | ||
| 040 | |a STU |b slo | ||
| 041 | 0 | |a slo | |
| 100 | 1 | |a Tomčány, Tomáš |u 070200 |4 aut |U FIIT Fakulta informatiky a informačných technológií |T FIIT Ústav informatiky, informačných systémov a softvérového inžinierstva |X 110980 |U I200 |Y 179 |7 110980 | |
| 242 | 0 | 1 | |a Autonomous self driving car based on Raspberry Pi technology |y eng |
| 245 | 1 | 0 | |a Vývoj autopilot algoritmov pre samoriadiace auto na platforme RPi4 |
| 260 | |c 2024 | ||
| 650 | 4 | |a neurónové siete |2 slo | |
| 650 | 4 | |a autonómne riadenie |2 slo | |
| 650 | 4 | |a strojové učenie |2 slo | |
| 650 | 4 | |a umelá inteligencia |2 slo | |
| 650 | 4 | |a autonomous driving |2 eng | |
| 650 | 4 | |a neural networks |2 eng | |
| 650 | 4 | |a artificial intelligence |2 eng | |
| 650 | 4 | |a machine learning |2 eng | |
| 700 | 1 | |a Czanner, Silvester |u 070200 |k Z1 |4 ths |U FIIT Fakulta informatiky a informačných technológií |T FIIT Ústav informatiky, informačných systémov a softvérového inžinierstva |X 114747 |U I200 |Y 179 |7 114747 | |
| 856 | 4 | |u http://is.stuba.sk/zp/portal_zp.pl?podrobnosti=162824 | |